Femmes humoristes - Statistiques

Statistiques générales
  • Ce quiz a été pris 57 fois
  • Le résultat moyen est 6 sur 16
Statistiques - réponses
Par images Réponse % Correct
Blanche Gardin
88%
Florence Foresti
85%
Camille Lellouche
79%
Alison Wheeler
67%
Elodie Poux
56%
Laura Laune
48%
Bérangere Krief
40%
Doully
31%
Nawell Madani
31%
Marina Rollman
29%
Fadily Camara
17%
Amelle Chahbi
10%
Laurie Peret
10%
Nadia Roz
6%
Lilia Benchabane
0%
Malika Sadykova
0%
Aucun quiz correspondant
Distribution des résultats
% des personnes avec chaque résultat
Percentile par nombre de réponses
Votre historique - résultats
Vous n’avez pas pris ce quiz